NEWER DRUGS (Record no. 7226)
[ view plain ]
| 000 -LEADER | |
|---|---|
| fixed length control field | 00257nam a2200133Ia 4500 |
| 082 ## - DEWEY DECIMAL CLASSIFICATION NUMBER | |
| Classification number | 615.4 |
| Item number | N12D |
| 100 ## - MAIN ENTRY--PERSONAL NAME | |
| Personal name | DHIKAV, VIKAS |
| 245 ## - TITLE STATEMENT | |
| Title | NEWER DRUGS |
| 250 ## - EDITION STATEMENT | |
| Edition statement | 2ND |
| 260 ## - PUBLICATION, DISTRIBUTION, ETC. (IMPRINT) | |
| Name of publisher, distributor, etc | ELSENCR |
| 300 ## - PAGE DESCRIPTION | |
| No. of Pages | 196 |
| 650 ## - SUBJECT ADDED ENTRY--TOPICAL TERM | |
| Topical term or geographic name as entry element | PHARMACEUTICS |
| 942 ## - ADDED ENTRY ELEMENTS (KOHA) | |
| Source of classification or shelving scheme | Dewey Decimal Classification |
| Koha item type | Books |
| Withdrawn status | Lost status | Source of classification or shelving scheme | Damaged status | Not for loan | Collection code | Home library | Current library | Shelving location | Date acquired | Vendor Name | Cost, normal purchase price | SGTU | Bill Number | Full call number | Accession No. (Barcode) | Date last seen | Bill Date | Koha item type |
|---|---|---|---|---|---|---|---|---|---|---|---|---|---|---|---|---|---|---|
| Dewey Decimal Classification | PHARMACY | SGT FA-FP Library | SGT FA-FP Library | Reference Book | 02/07/2015 | ABC DELHI | 295.00 | SGTU | 5118 | 615.4 N12D | FP726 | 02/07/2015 | 12/02/2014 | Books |